Автоматизированное формирование уравнений кинематики раскрытия крыльев солнечных батарей космических аппаратов; Инженерия для освоения космоса
| Parent link: | Инженерия для освоения космоса.— 2016.— [С. 85-89] |
|---|---|
| Hlavní autor: | |
| Korporativní autor: | |
| Další autoři: | |
| Shrnutí: | Заглавие с экрана Предложен алгоритм автоматизированного формирования уравнений кинематики крыльевсолнечных батарей, в основе которого лежит разработанный метод формализованного описания кинематики механизмов. Работа алгоритма продемонстрирована на примере формирования уравнений кинематики механизма раскрытия солнечной батареи с помощью разработанного программного средства. The paper proposes and provides a brief description of the algorithm for deriving kinematics equations fordeployable solar panels, based on designed method of formalised description of mechanisms kinematics. Thepractical usage of the algorithm is demonstrated by deriving kinematics equations for solar panel deployment withusing developed software. |
| Jazyk: | ruština |
| Vydáno: |
2016
|
| Edice: | Космические аппараты и приборы |
| Témata: | |
| On-line přístup: | http://earchive.tpu.ru/handle/11683/23212 |
| Médium: | MixedMaterials Elektronický zdroj Kapitola |
| KOHA link: | https://koha.lib.tpu.ru/cgi-bin/koha/opac-detail.pl?biblionumber=617917 |
MARC
| LEADER | 00000naa2a2200000 4500 | ||
|---|---|---|---|
| 001 | 617917 | ||
| 005 | 20231101133002.0 | ||
| 035 | |a (RuTPU)RU\TPU\conf\16278 | ||
| 035 | |a RU\TPU\conf\16277 | ||
| 090 | |a 617917 | ||
| 100 | |a 20160505d2016 k y0rusy50 ca | ||
| 101 | 0 | |a rus |d eng | |
| 102 | |a RU | ||
| 105 | |a y z 101zy | ||
| 135 | |a drcn ---uucaa | ||
| 181 | 0 | |a i | |
| 182 | 0 | |a b | |
| 200 | 1 | |a Автоматизированное формирование уравнений кинематики раскрытия крыльев солнечных батарей космических аппаратов |d Computer-aided derivation of kinematic equations of deployable solar panels of spacecrafts |f А. С. Яковлев |g науч. рук. А. М. Малышенко | |
| 203 | |a Текст |c электронный | ||
| 225 | 1 | |a Космические аппараты и приборы | |
| 230 | |a 1 компьютерный файл (pdf; 943 Kb) | ||
| 300 | |a Заглавие с экрана | ||
| 320 | |a [Библиогр.: с. 89 (6 назв.)] | ||
| 330 | |a Предложен алгоритм автоматизированного формирования уравнений кинематики крыльевсолнечных батарей, в основе которого лежит разработанный метод формализованного описания кинематики механизмов. Работа алгоритма продемонстрирована на примере формирования уравнений кинематики механизма раскрытия солнечной батареи с помощью разработанного программного средства. | ||
| 330 | |a The paper proposes and provides a brief description of the algorithm for deriving kinematics equations fordeployable solar panels, based on designed method of formalised description of mechanisms kinematics. Thepractical usage of the algorithm is demonstrated by deriving kinematics equations for solar panel deployment withusing developed software. | ||
| 463 | 0 | |0 (RuTPU)RU\TPU\conf\16265 |t Инженерия для освоения космоса |o сборник научных трудов IV Всероссийского молодежного форума с международным участием, г. Томск, 12-14 апреля 2016 г. |f Национальный исследовательский Томский политехнический университет (ТПУ) |v [С. 85-89] |d 2016 | |
| 510 | 1 | |a Computer-aided derivation of kinematic equations of deployable solar panels of spacecrafts |z eng | |
| 610 | 1 | |a труды учёных ТПУ | |
| 610 | 1 | |a электронный ресурс | |
| 610 | 1 | |a кинематика | |
| 610 | 1 | |a солнечные батареи | |
| 610 | 1 | |a космические аппараты | |
| 610 | 1 | |a программные средства | |
| 610 | 1 | |a кинематические модели | |
| 700 | 1 | |a Яковлев |b А. С. | |
| 702 | 1 | |a Малышенко |b А. М. |c специалист в области информатики и вычислительной техники |c профессор Томского политехнического университета, доктор технических наук |c член-корреспондент Академии электротехнических наук РФ |c действительный член Международной академии наук высшей школы |f 1937- |g Александр Максимович |2 stltpush |4 727 | |
| 712 | 0 | 2 | |a Национальный исследовательский Томский политехнический университет (ТПУ) |b Институт кибернетики (ИК) |b Кафедра интегрированных компьютерных систем управления (ИКСУ) |h 131 |2 stltpush |3 (RuTPU)RU\TPU\col\18701 |
| 801 | 2 | |a RU |b 63413507 |c 20160513 |g RCR | |
| 856 | 4 | |u http://earchive.tpu.ru/handle/11683/23212 | |
| 942 | |c BK | ||